|
|
|
|
| LEADER |
00000cam a2200000 7i4500 |
| 001 |
0000081180 |
| 005 |
20181020.0 |
| 008 |
181020 |
| 020 |
|
|
|a 9789836230003
|
| 020 |
|
|
|a 9836230009
|
| 090 |
0 |
0 |
|a 499.237
|b MEL
|
| 100 |
0 |
|
|a Farid M. Onn,Ajid Che Kob
|
| 245 |
0 |
0 |
|a Simposium Dialek Penyelidikan dan pendidikan
|c Malay Language-Dialectology-Congresses,Malay languange-Dialects-Congresses
|
| 260 |
|
|
|a Selangor :
|b Dewan Bahasa dan Pustaka ,
|c 1993
|
| 500 |
|
|
|a Dewasa
|
| 999 |
|
|
|a 0000000766
|b Book
|c Adult Collection
|e Cawangan Bandar Penawar
|
| 999 |
|
|
|a 0000002431
|b Book
|c Adult Collection
|e Cawangan Bandar Penawar
|